| 000 | 00584nam a22001937a 4500 | ||
|---|---|---|---|
| 003 | DO-SdBNP | ||
| 005 | 20180202142457.0 | ||
| 008 | 160617b 2003 nyu a xxu||||| |||| 00| 0 spa d | ||
| 020 | _a0765227479 | ||
| 040 |
_aBPMSU _bspa _cBPMSU |
||
| 092 |
_axxxxx _bxxxxx |
||
| 100 | 1 | _a Hiebert, Elfrieda H. | |
| 245 | 1 | 0 |
_aQuickreads : _ba research-based fluency program |
| 260 |
_aParsippany, N J : _bModern Curriculum Press, _c2003 |
||
| 300 |
_a96 p. : _bil. ; _c27 cm. |
||
| 942 |
_2ddc _cBK |
||
| 945 | _aInventariado, 2018 / BT | ||
| 956 |
_2LOPEREZ _310 _620160617 _8BPMSU _a00041 |
||
| 999 |
_c10429 _d10429 |
||